Experimental electrical engineering
Uloženo v:
| Hlavní autor: | |
|---|---|
| Médium: | Kniha |
| Jazyk: | angličtina |
| Vydáno: |
Nueva York
John Wiley
1933
|
| Vydání: | 4a. ed |
| Témata: | |
| Tagy: |
Přidat tag
Žádné tagy, Buďte první, kdo vytvoří štítek k tomuto záznamu!
|
MARC
| LEADER | 00000nam a2200000 a 4500 | ||
|---|---|---|---|
| 001 | UCU5012 | ||
| 003 | CL-VaPUC | ||
| 008 | 960531e19330000US |||||||||||||||||eng|d | ||
| 082 | 0 | 4 | |a 621.37 |b KAR |2 21 |
| 100 | |a Karapetoff, Vladimir |e author |9 363055 | ||
| 245 | 1 | 0 | |a Experimental electrical engineering |
| 246 | 1 | 0 | |a Manual for electrical testing: for engineers and for students in engineering laboratories |
| 250 | |a 4a. ed | ||
| 300 | |a v | ||
| 942 | |c BK | ||
| 945 | |d 19960531 00:00:00 |a cmena | ||
| 260 | |a Nueva York |b John Wiley |c 1933 | ||
| 650 | 0 | |a Electricidad |9 260222 | |
| 650 | 7 | |a INGENIEROS ELECTRICISTAS |2 CL-VaPUC |9 362859 | |
| 650 | 7 | |a ENSAYOS DE LABORATORIO |2 CL-VaPUC |9 262663 | |
| 650 | 7 | |a POTENCIAL ELECTRICO |2 CL-VaPUC |9 362860 | |
| 650 | 7 | |a RESISTIVIDAD ELECTRICA |2 CL-VaPUC |9 360841 | |
| 650 | 0 | |a Voltaje |9 362861 | |
| 650 | 0 | |a Electromagnetismo |9 260123 | |
| 650 | 0 | |a Circuitos eléctricos |9 260262 | |
| 650 | 0 | |a Distribución de energía eléctrica |9 260221 | |
| 583 | |a last modification |c 19960531 00:00:00 |k Rodrigo Vera | ||
| 999 | |c 248529 |d 248527 | ||
| 952 | |0 0 |1 0 |4 0 |6 621_370000000000000_KAR_1933 |7 0 |8 A |9 265210 |a BIBING |b BIBING |d 2019-11-19 |h v.1 |i 1668188 |l 1 |o 621.37 KAR 1933 |p 1668188 |r 2025-01-20 |s 2022-03-21 |w 2019-11-19 |y BK |k EIE | ||